Statistics for Single Word Beatles Songs

Click here to take the quiz!

General Stats

  • This quiz has been taken 680 times
  • The average score is 11 of 19

Answer Stats

Year Album Song % Correct
1965Help!Help!
96%
1965Help!Yesterday
75%
1969Abbey RoadSomething
70%
1966RevolverTaxman
69%
1965Rubber SoulMichelle
69%
1968The BeatlesJulia
65%
1965Rubber SoulGirl
64%
1968The BeatlesBlackbird
58%
1969Abbey RoadBecause
57%
1968Past MastersRevolution
56%
1963Please Please MeChains
54%
1963Please Please MeBoys
53%
1967Magical Mystery TourFlying
49%
1966Past MastersRain
48%
1968The BeatlesPiggies
47%
1965Rubber SoulWait
47%
1968The BeatlesBirthday
46%
1963Please Please MeMisery
46%
1964Past MastersMatchbox
26%

Score Distribution

Percentile by Number Answered

Percent of People with Each Score

Your Score History

You have not taken this quiz